Begins and Ends Blitz Quiz Stats

Quiz Updated Dec 1, 2016

Also try: 'A' Blitz
Challenge
Share
Tweet
Embed
Score 0/28 Timer 05:00
5 Plays Today
Category Answer % Correct
U.S. StateAlaska
95.1%
3-Letter Body PartEye
81.9%
Part of SpeechNoun
75.5%
Greek LetterAlpha
69.6%
ElementNitrogen
68.4%
Canadian ProvinceAlberta
68.3%
U.S. President SurnameNixon
62.1%
European CountryAustria
60%
Country in OceaniaAustralia
59.6%
South American CountryArgentina
58.4%
African CountryAlgeria
54.2%
NFL Team Name Steelers
52.5%
Sporcle CategorySports
46.4%
NBA Team NameSpurs
45.8%
Category Answer % Correct
Zodiac SignSagittarius
43.6%
U.S. CapitalAtlanta
40.9%
Auto ManufacturerAcura
40%
Olympic Greek GodAthena
39.3%
North American CountrySaint Kitts and Nevis
33.5%
Mars Chocolate Bar BrandSnickers
27.2%
Asian CountryArmenia
23.4%
Premier League ClubLiverpool
23.3%
Star Wars PlanetHoth
23.2%
Beatles AlbumRevolver
22.8%
Von Trapp ChildLiesl
19.1%
Pokémon (Generation 1)Eevee
10%
Apostle (Christian)Philip
8.5%
Papal NameEugene
5.1%

You're not logged in!

Compare scores with friends on all Sporcle quizzes.
Join for Free
OR
Log In

You Might Also Like...

Show Comments

Extras

Top Quizzes Today


Score Distribution

Your Account Isn't Verified!

In order to create a playlist on Sporcle, you need to verify the email address you used during registration. Go to your Sporcle Settings to finish the process.

Report this User

Report this user for behavior that violates our Community Guidelines.

Details: